00285nam a22001097a 4500008004100000082002100041245003300062260004200095300001100137942001200148999001500160230623b xxu||||| |||| 00| 0 eng d a330.96bHAN 1958 aAfrican Economic Development aLondonbOxford University Pressc1958 aX,307p 2ddccBK c2542d2542